Fluids dynamics of viscoelastic liquids

Uloženo v:
Podrobná bibliografie
Hlavní autor: Joseph, Daniel D (Autor)
Médium: Kniha
Jazyk:angličtina
Vydáno: Nueva York Springer-Verlag 1990
Edice:Applied Mathematical Sciences, 84
Témata:
Tagy: Přidat tag
Žádné tagy, Buďte první, kdo vytvoří štítek k tomuto záznamu!

MARC

LEADER 00000nam a2200000 a 4500
001 UCX2085
003 CL-VaPUC
008 910315e19900000US |||||||||||||||||eng|d
082 0 4 |a 532.0533  |b JOS  |2 21 
100 |a Joseph, Daniel D  |e author  |9 541375 
245 1 0 |a Fluids dynamics of viscoelastic liquids 
300 |a 755 p 
942 |c BK 
945 |d 19910315 00:00:00 
260 |a Nueva York  |b Springer-Verlag  |c 1990 
650 0 |a Flujo viscoso  |9 426478 
650 0 |a Líquidos  |9 260946 
650 0 |a Ecuaciones diferenciales parciales   |9 269889 
583 |a last modification  |c 19910315 00:00:00  |k Rodrigo Vera 
490 0 |a Applied Mathematical Sciences, 84 
999 |c 336352  |d 336350 
952 |0 0  |1 0  |4 0  |6 532_053300000000000_JOS_1990  |7 0  |8 A  |9 427518  |a BIBCUR  |b BIBCUR  |d 2019-11-22  |i 2875187  |o 532.0533 JOS 1990  |p 2875187  |r 2025-04-22  |w 2019-11-22  |y BK  |k FIS